|
|
แสดงรายละเอียดบรรณานุกรม |
|
|
Brief Record
: Get Marc (ISO 2709)
: E-mail record
: |
|
|
| LEADER 00000nam 2200000uu 4500 | |||
| 008 101230s||||||||th 000 0 tha d | |||
| 060 0 VCD 000200 | |||
| 100 0 ^aพระครูภาวนาโพธิคุณ (สมชาย กนตลิโล). | |||
| 245 00 ^aทศพิธราชธรรม/^bพระครูภาวนาโพธิคุณ (สมชาย กนตลิโล). | |||
| 260 ^aสำนักปฏิบัติธรรมประจำจังหวัดขอนแก่น วัดโพธิ์ บ้านโนนทัน จ.ขอนแก่น. | |||
| 710 1 ^aสำนักปฏิบัติธรรมประจำจังหวัดขอนแก่น วัดโพธิ์ บ้านโนนทัน จ.ขอนแก่น. | |||
| 856 ^aหมายเหตุ VCD ชุดที่ 46 | |||
| 999 ^aใช้งานได้ทุกระบบ | |||
| คุณยังไม่ได้ล็อกอิน คุณสามารถมีกิจกรรมร่วมกับเว็บไซต์ได้ แต่ต้องล็อกอินก่อน :: |
|
| สถานะ | |||||||||
| 1. | สื่อวีดิทัศน์ | /VCD 000200 | On Shelf ขอยืม | ||||||
| [แสดง 1/1 รายการ] | |||||||||
BibComment |
| คอมเมนท์ทรัพยากรรายการนี้ |
|
|